000 00343cam a22001217a 4500
008 180718b1966 xxu||||| |||| 00| 0 eng d
082 _aA608 W394
245 _aHistory for college students
_cedited by John C.B. Webster
260 _aChandigarh
_bPanjab
_c1966
300 _avii, 64p
650 _aCollege--Student
700 _aWebster, John C.B.
999 _c494339
_d494339